Beginning HTML5 & CSS3 for dummies (Record no. 34943)
[ view plain ]
| 000 -LEADER | |
|---|---|
| fixed length control field | 01661nam a2200385 a 4500 |
| 082 04 - DEWEY DECIMAL CLASSIFICATION NUMBER | |
| Classification number | 006.74 |
| 100 1# - MAIN ENTRY--AUTHOR NAME | |
| Personal name | Tittel, Ed. |
| 245 10 - TITLE STATEMENT | |
| Title | Beginning HTML5 & CSS3 for dummies |
| 260 ## - PUBLICATION, DISTRIBUTION, ETC. (IMPRINT) | |
| Place of publication | Hoboken, N.J. : |
| Name of publisher | John Wiley & Sons, Inc., |
| Year of publication | 2013. |
| 300 ## - PHYSICAL DESCRIPTION | |
| Number of Pages | x, 370 p. : |
| Other physical details | col. ill. |
| 500 ## - GENERAL NOTE | |
| General note | "A Wiley brand." |
| General note | Includes index. |
| 505 0# - FORMATTED CONTENTS NOTE | |
| Formatted contents note | pt. I. Getting started with HTML and CSS on the web -- pt. II. Getting the structure and text right -- pt. III. Adding links, images, and other media -- pt. IV. Adopting CSS style -- pt. V. Enhancing your pages' look and feel -- pt. VI. The part of tens -- pt. VII. Appendixes. |
| 650 #0 - SUBJECT ADDED ENTRY--TOPICAL TERM | |
| Topical Term | HTML (Document markup language) |
| Topical Term | Cascading style sheets. |
| Topical Term | Web site development. |
| 700 1# - ADDED ENTRY--PERSONAL NAME | |
| Personal name | Minnick, Chris. |
| 856 40 - ELECTRONIC LOCATION AND ACCESS | |
| Uniform Resource Identifier | http://site.ebrary.com/lib/rucke/Doc?id=10747420 |
No items available.
